000 01781nam0a2200325 4500
001 RU\NLR\bibl\164319
005 20260407064111.0
010 _a5-88448-042-3
_9300
021 _aRU
_b2000-44340
_92046
035 _a(NLR Aleph) 000161170
090 _a927020
_c927020
100 _a20010621d2000 |||y0rusy50 ca
101 0 _arus
102 _aRU
105 _aa |||||||||
200 1 _aГосударственное управление: центр-регион (проблемы экономики, социологии и права)
_eМатериалы всерос. шк.-семинара "Нац. отношения и соврем. государственность", [Йошкар-Ола, 28-29 июня 2000 г.
_fРедкол.: к.ист.н., доц. О.Н. Сутырина (отв. ред.) и др.]
210 _aЙошкар-Ола
_cБ.и.
_d2000
215 _a113 с.
_cил.
_d20
300 _aВ надзаг.: Совет ученых-гуманитариев Респ. Марий Эл
309 _aНа обороте тит. л.: Вып. 2
320 _aБиблиогр. в прим. в конце докл.
606 0 _aРегиональное управление
_jСъезды, совещания и т.п.
_yРоссийская Федерация
_92078905
_3RU\NLR\auth\661254772
686 _aУ21(2)9(2Р)я431
702 1 _aСутырина
_bО. Н.
_4340
711 1 2 _a"Национальные отношения и современная государственность", всероссийская школа-семинар
_eЙошкар-Ола
_f2000
_9561567
_3RU\NLR\AUTH\8810031471
801 0 _aRU
_bNLR
_c20010621
_gPSBO
801 1 _aRU
_bNLR
_c20010621
942 _cBOOK
980 _aNB